Zemplínska šírava

Zobrazenie: Štyri čiastkové pohľady, každý v modrom orámovaní. Všetky spolu v striebornom orámovaní. Dole je pod nimi bielym písmom na červenom podklade názov. Pohľad na kúpajúcich sa ľudí vo vodnej nádrži, medzi nimi sú aj jachty a člny, v pozadí sú na druhom brehu hory. Pohľad na poschodovú vojens...

Full description

Bibliographic Details
Other Authors: Lorenc, František (fotograf) (Photographer), Lorencová, Elena (fotografka) (Photographer)
Format: Photo
Language:Slovak
PhysicalDescription:1 pohľadnica (4 čiastkové pohľady) farebná 15 x 11 cm
Published: Bratislava Pravda 1987
Subjects:

MARC

LEADER 00000ckm a2200000 a 4500
001 vtls001200552
003 SK-MaSNL
005 20260331203103.0
007 kf co
008 230718s1987 xo g 0kuslo
015 |a SNBG1987 
035 |a SNK000143621 
035 |a EA04F333-A86C-46F5-AE70-09C7C5E92489 
035 |a urn:nbn:sk:snk-km00gig4 
040 |a SNK  |b slo  |c SNK  |e AACR2 
041 0 |a slo 
043 |a e-xo--- 
044 |a xo  |c SK 
072 7 |a 913  |x Regionálna geografia  |2 konspekt 
080 |a 913(437.6)  |2 2011 
080 |a 908(437.6)  |2 2011 
080 |a 725.012.28  |2 2001 
080 |a 711.582.7  |2 2011 
080 |a 711.455.8  |2 2011 
080 |a 629.525  |2 2011 
080 |a 627.81  |2 2011 
080 |a (084.121)  |2 2011 
080 |a 614.214  |2 2011 
080 |a 911.2(23.0)  |2 2011 
080 |a 640.43  |2 2011 
100 1 |a Lorenc, František  |c (fotograf)  |4 pht  |9 177742 
245 1 0 |a Zemplínska šírava  |h grafika  |c foto František Lorenc, Elena Lorencová 
246 1 |i Názov na obrazovej časti:  |a Zemplínska šírava 
260 |a Bratislava  |b Pravda  |c 1987  |e [Bratislava]  |f TZP-B 
300 |a 1 pohľadnica (4 čiastkové pohľady)  |b farebná  |c 15 x 11 cm 
500 |a Na adresnej časti uvedené: "Zemplínska šírava - vodné dielo na okraji Východoslovenskej nížiny pod výbežkami Vihorlatu" 
520 8 |a Zobrazenie: Štyri čiastkové pohľady, každý v modrom orámovaní. Všetky spolu v striebornom orámovaní. Dole je pod nimi bielym písmom na červenom podklade názov. Pohľad na kúpajúcich sa ľudí vo vodnej nádrži, medzi nimi sú aj jachty a člny, v pozadí sú na druhom brehu hory. Pohľad na poschodovú vojenskú zotavovňu vpravo na okraji krátera, vľavo od neho vidno vodnú nádrž. Pohľad na stany v autokempingu, v pozadí vidno kruhovú budovu reštaurácie Rybárska bašta. Pohľad na rekreačné budovy, vpravo je pred nimi, na okraji brehu vyhliadková veža. V popredí je vo vode vidno čln 
650 0 7 |a vodné nádrže  |2 SNKPH  |9 4190 
650 0 7 |a jachty  |2 SNKPH  |9 68366 
650 0 7 |a zotavovne  |2 SNKPH  |9 161874 
650 0 7 |a hory  |2 SNKPH  |9 55651 
650 0 7 |a autokempingy  |2 SNKPH  |9 784 
650 0 7 |a rozhľadne  |2 SNKPH  |9 55576 
650 0 7 |a reštaurácie  |2 SNKPH  |9 23080 
651 7 |a Zemplínska šírava (Slovensko : vodná nádrž)  |2 SNKPHgeo  |9 110374 
651 7 |a Zemplínska šírava (Slovensko : rekreačná oblasť)  |2 SNKPHgeo  |9 113109 
655 7 |a geografické pohľadnice  |2 SNKPH  |9 70522 
655 7 |a miestne pohľadnice  |2 SNKPH  |9 70510 
700 1 |a Lorencová, Elena  |c (fotografka)  |4 pht  |9 283290 
852 |a Slovenská národná knižnica 
954 |a pohľadnice pôvodné (slovenské)  |2 lita 
958 |a GBN 
958 |a GC 
958 |a OND 
999 |c 911621  |d 913551 
952 |a SNK  |b SNK  |y PREZ  |7 0  |p 17A1284135  |o snkSP 139035  |i snk1057/88  |0 0  |1 0  |4 0  |d 2020-11-03  |f 1  |l 0  |r 2026-02-24 07:46:17  |w 2026-02-24 
952 |a SNK  |b SNK  |y PREZ  |7 0  |p 17A1284136  |o snkSP 139035 D1  |i snk1058/88  |0 0  |1 0  |4 0  |d 2020-11-03  |l 0  |r 2026-02-24 07:46:17  |w 2026-02-24